Guess The Song 2016 - Statistics

General Stats
  • This quiz has been taken 1,450 times
  • The average score is 7 of 15
Answer Stats
Hint Answer % Correct
Adele Hello
75%
ZAYN Pillow Talk
74%
Justin Bieber Sorry
62%
21 Pilots Stressed Out
60%
Drake One Dance
54%
Justin Timberlake Cant Stop The Feeling
52%
Daya ft Chainsmokers Dont Let Me Down
52%
Calvin Harris ft. Rihanna This Is What You Came For
52%
Drake Hotline Bling
49%
Nick Jonas Close
45%
Ariana Grande Dangerous Woman
44%
Ariana Grande Into You
32%
Meghan Trainor Me Too
26%
P!nk Just Like Fire
25%
Taylor Swift Wildest Dreams
15%
No matching quizzes found
Score Distribution
Percent of People with Each Score
Percentile by Number Answered
Your Score History
You have not taken this quiz